书目信息 |
| 题名: |
西方文化百科
|
|
| 作者: | 孙鼎国 主编 | |
| 分册: | ||
| 出版信息: | 长春 吉林人民出版社 1991.2 |
|
| 页数: | 688页 | |
| 开本: | 26厘米 | |
| 丛书名: | ||
| 单 册: | ||
| 中图分类: | Z2 | |
| 科图分类: | ||
| 主题词: | 文化--西方国家--百科词典 , 百科全书 | |
| 电子资源: | ||
| ISBN: | 7-226-07022-9 | |
| 000 | 00749nam0 2200241 45 | |
| 001 | 0191023630 | |
| 005 | 20061125145635.37 | |
| 010 | @a7-226-07022-9@b精装@dCNY35.00 | |
| 100 | @a19910925d1991 ekmy0chiy0121 ea | |
| 101 | 0 | @achi |
| 102 | @aCN@b220000 | |
| 105 | @ay e 001yy | |
| 200 | 10 | @a西方文化百科@AXI FANG WEN HUA BAI KE@f孙鼎国主编@FSUN DING GUO ZHU BIAN |
| 210 | @a长春@c吉林人民出版社@d1991.2 | |
| 215 | @a688页@d26厘米 | |
| 330 | @a全书包括:西方文化概论、西方哲学、西方宗教、西方美学等13个部分2000余条目。 | |
| 540 | 1 | @a西方 百科@AXI FANG BAI KE |
| 606 | @a文化@y西方国家@x百科词典 | |
| 606 | 0 | @a百科全书 |
| 690 | @aZ2@v3 | |
| 701 | 0 | @a孙鼎国@ASUN DING GUO@4主编 |
| 801 | 0 | @aCN@bTSSF@c20061125 |
| 905 | @a10447@dZ2@e101 | |
| 西方文化百科/孙鼎国主编.-长春:吉林人民出版社,1991.2 |
| 688页;26厘米 |
| ISBN 7-226-07022-9(精装):CNY35.00 |
| 全书包括:西方文化概论、西方哲学、西方宗教、西方美学等13个部分2000余条目。 |
| ● |
| 相关链接 |
|
|
|
|
正题名:西方文化百科
索取号:Z2/101
 
预约/预借
| 序号 | 登录号 | 条形码 | 馆藏地/架位号 | 状态 | 备注 |
| 1 | 0261148 | 202127974 | 第二样本阅览室/ [索取号:Z2/101] | 在馆 |